| 000 | 02936cam a2200361 4500500 | ||
|---|---|---|---|
| 005 | 20250118003611.0 | ||
| 041 | _afre | ||
| 042 | _adc | ||
| 100 | 1 | 0 |
_aFournet-Guérin, Catherine _eauthor |
| 245 | 0 | 0 | _aHéritage reconnu, patrimoine menacé : la maison traditionnelle à Tananarive |
| 260 | _c2005. | ||
| 500 | _a52 | ||
| 520 | _aRésuméLes maisons traditionnelles de Tananarive constituent un patrimoine architectural original, fruit du métissage entre des apports merina et européens. Ces maisons font aujourd’hui l’objet d’enjeux symboliques et identitaires forts car elles sont à la fois considérées comme la maison des ancêtres, ce qui nécessite leur maintien au sein de la famille, et comme le support du statut des « hautes castes » qui s’efforcent aujourd’hui de les protéger pour affirmer une identité menacée. Toutefois, le processus de dégradation de ces maisons du xixe siècle est très avancé, parfois irréversible, tant les facteurs d’altération sont nombreux et tant les politiques de préservation apparaissent dérisoires dans un contexte économique fragile. Néanmoins, certains facteurs, variables selon les quartiers, permettent une évolution différenciée de l’état des maisons. | ||
| 520 | _aLegacy recognized, heritage threatened: the traditional house in TananariveThe traditional houses of Tananarive, the old quarters of Antananarivo, represent a specific architectural heritage. They are the fruit of cross-fertilization between Merina (traditional Madagascan) and European influences. The houses now are at the core of potent symbolic and identity-related issues. They are considered at one and the same time as emblematic of the ancestors’ house, which makes it essential to keep them within the family, yet as elements that underpin the status of “high castes” who now strive to protect them to assert a threatened identity. These xixth houses are in an advanced state of decay. Some are irreparable, given the multitude of factors that contribute to the degradation and the practical non-existence of conservation policies in a perilous economic situation. Nevertheless, certain factors, which vary from district to district, leave room for the state of the houses to be improved to various degrees. | ||
| 690 | _amaison des ancêtres | ||
| 690 | _aTananarive | ||
| 690 | _aMadagascar | ||
| 690 | _aarchitecture coloniale | ||
| 690 | _adégradation | ||
| 690 | _amaison traditionnelle | ||
| 690 | _aAntananarivo | ||
| 690 | _amerina | ||
| 690 | _aMerina | ||
| 690 | _aTananarive | ||
| 690 | _acolonial architecture | ||
| 690 | _aancestral houses | ||
| 690 | _adecay | ||
| 690 | _aMadagascar | ||
| 690 | _aAntananarivo | ||
| 690 | _atraditional house | ||
| 786 | 0 | _nAutrepart | 33 | 1 | 2005-03-01 | p. 51-69 | 1278-3986 | |
| 856 | 4 | 1 | _uhttps://shs.cairn.info/revue-autrepart-2005-1-page-51?lang=fr&redirect-ssocas=7080 |
| 999 |
_c325396 _d325396 |
||